000 00268nam a2200109Ia 4500
008 200302s9999 xx 000 0 und d
100 _aDavid Dernie
245 _aArchitectural drawing 2nd ed
260 _bLaurence King Publishing Ltd.,
260 _c2010
300 _a208
999 _c6617
_d6617